书目信息 |
| 题名: |
数学模型在生态学的应用及研究
|
|
| 作者: | 杨东方 , 苗振清 主编 | |
| 分册: | 1 | |
| 出版信息: | 北京 海洋出版社 2008 |
|
| 页数: | 291页 | |
| 开本: | 26cm | |
| 丛书名: | ||
| 单 册: | ||
| 中图分类: | Q141 | |
| 科图分类: | ||
| 主题词: | 数学模型--应用--生态学--研究 , 数学模型 , 生态学 | |
| 电子资源: | ||
| ISBN: | 978-7-5027-7046-4 | |
| 000 | 01141nam0 2200265 45 | |
| 005 | 20100303151937.20 | |
| 010 | @a978-7-5027-7046-4@dCNY60.00 | |
| 100 | @a20100120d2008 em y0chiy0110 ea | |
| 101 | 0 | @achi |
| 102 | @aCN@b110000 | |
| 105 | @aa z 000yy | |
| 106 | @ar | |
| 200 | 1 | @a数学模型在生态学的应用及研究@AShu Xue Mo Xing Zai Sheng Tai Xue De Ying Yong Ji Yan Jiu@dApplication and research of mathematical model in ecology.1@h1@f杨东方,苗振清主编@FYang Dong Fang, Miao Zhen Qing Zhu Bian@zeng |
| 210 | @a北京@c海洋出版社@d2008 | |
| 215 | @a291页@c图@d26cm | |
| 330 | @a本书介绍了各种各样的数学模型在生态学不同领域的应用,如在地理、地貌、水文、水动力以及环境变化、生物变化和生态变化等领域的应用。详细阐述了数学模型建立的背景、数学模型的组成、结构及其数学模型应用的意义。 | |
| 510 | 1 | @aApplication and research of mathematical model in ecology@h1@zeng |
| 606 | 0 | @a数学模型@x应用@x生态学@x研究 |
| 606 | 0 | @a数学模型 |
| 606 | 0 | @a生态学 |
| 690 | @aQ141@v4 | |
| 701 | 0 | @a杨东方@AYang Dong Fang@4主编 |
| 701 | 0 | @a苗振清@AMiao Zhen Qing@4主编 |
| 801 | 0 | @aCN@bTANGWEI@c20100303 |
| 905 | @b0584151-55@dQ141@e153:1@f5 | |
| 数学模型在生态学的应用及研究=Application and research of mathematical model in ecology.1.1/杨东方,苗振清主编.-北京:海洋出版社,2008 |
| 291页:图;26cm |
| ISBN 978-7-5027-7046-4:CNY60.00 |
| 本书介绍了各种各样的数学模型在生态学不同领域的应用,如在地理、地貌、水文、水动力以及环境变化、生物变化和生态变化等领域的应用。详细阐述了数学模型建立的背景、数学模型的组成、结构及其数学模型应用的意义。 |
| ● |
| 相关链接 |
|
|
|
|
正题名:数学模型在生态学的应用及研究
索取号:Q141/153:1
 
预约/预借
| 序号 | 登录号 | 条形码 | 馆藏地/架位号 | 状态 | 备注 |
| 1 | 0584151 | 205841516 | 第二样本阅览室/ [索取号:Q141/153:1] | 在馆 | |
| 2 | 0584152 | 205841525 | 第三借阅区/ [索取号:Q141/153:1] | 在馆 | |
| 3 | 0584153 | 205841534 | 第三借阅区/ [索取号:Q141/153:1] | 在馆 | |
| 4 | 0584154 | 205841543 | 第三借阅区/ [索取号:Q141/153:1] | 在馆 | |
| 5 | 0584155 | 205841552 | 第三借阅区/ [索取号:Q141/153:1] | 在馆 |